| 000 | 00753nam a2200229 i 4500 | ||
|---|---|---|---|
| 001 | bg | ||
| 245 | 0 | 0 |
_aKodeks postępowania cywilnego i inne teksty prawne / _cteksty jednolite wraz z indeksem rzeczowym i wprowadzeniem Marii Jędrzejewskiej. |
| 250 | _aStan prawny 31 maja 1993 r. | ||
| 260 |
_aWarszawa : _bC. H. Beck : _b[Wydaw. Naukowe] PWN, _c1993. |
||
| 300 |
_aXX, 283 s. ; _c20 cm. |
||
| 650 | 9 |
_aPostępowanie cywilne _zPolska |
|
| 700 | 1 |
_aJĘDRZEJEWSKA, Maria. _eOprac. |
|
| 020 | _a8301113782 | ||
| 020 | _a3406377599 (C.H.Beck) | ||
| 040 | _cBPK | ||
| 041 | 0 | _apl | |
| 080 | _a347.91/.95(438)(094.4) | ||
| 920 | _a83-01-11378-2 | ||
| 920 | _a3-406-37759-9 (C.H.Beck) | ||
| 942 | _cKS | ||
| 008 | s pl f |000 0 pol | ||
| 999 |
_c31288 _d31288 |
||
| 856 |
_uhttp://koha.tu.koszalin.pl/cgi-bin/koha/opac-detail.pl?biblionumber=31288 _yKatalog online BPK |
||